| 000 | 00382nam a2200157Ia 4500 | ||
|---|---|---|---|
| 008 | 221030s9999 xx 000 0 und d | ||
| 020 | _a8131721018 | ||
| 100 | _aE. Rich K. Knight | ||
| 245 | 0 |
_aArtificial Intelligence _cby E. Rich K. Knight |
|
| 250 | _a2nd | ||
| 260 |
_bTMT _aNew Delhi _c2012 |
||
| 300 | _a621 | ||
| 650 | _aComputers | ||
| 700 | _aE. Rich | ||
| 942 |
_cBK _2ddc |
||
| 999 |
_c14750 _d14750 |
||